000 01272nam a2200169 i 4500
001 170736
003 ES-MaACL
005 20230906214440.0
008 090401s18741876sp |||| | spa d
080 _a94(460)
110 2 _aReal Academia de la Historia (España)
_96309
245 1 0 _aDiscursos leídos ante la Academia de la Historia,
_f1874-1876 /
_cReal Academia de la Historia.
260 _aMadrid :
_b[s.n.],
_c1874 (
_fImp. de José Rodríguez)
300 _a1 v. ;
_c27 cm.
505 8 _aContiene: Elogio del doctor Alonso Díaz de Montalvo / Fermín Caballero (46 p.).Historia de la Academia de la Historia / Vicente Barrantes (95 p.). D. Carlos Coloma / Alejandro Llorente (113 p.). Contestación / Marqués de Molins (p. 115-144). Antiguas vías de comunicacioón / Francisco Coello y Quesada (53 p.). Contestación / José Gómez Arteche (p. 56-96). Civilización española / Fernando Corradi (43 p.). Contestación / Cayetano Rosell (p. 45-69). Alfonso de Palencia / Antonio María Fabié (104p.). Contestación / Juan Facundo Riaño (p. 106-121). De la literatura catalana / Víctor Balaguer (59 p.). Contestación / José Amador de los Ríos (p. 61-85). Saavedra Fajardo / Fernando Carradi (42 p.).
852 _aES-MaACL
_jK-121
_z- Enc. pasta española
999 _c170736
_d170736